| 000 | 00471 a2200157 4500 | ||
|---|---|---|---|
| 001 | 54447 | ||
| 082 | _a629.13335 MCC | ||
| 090 |
_c33890 _d33890 |
||
| 100 | _aMcCormick, Barnes W. | ||
| 245 | _aAerodyanmics of v/stol flight | ||
| 260 |
_aNy _bDover Pub, NY _c1999 |
||
| 300 | _avii, 328 p. | ||
| 520 | _avertical | ||
| 650 | _avstol; v stol; VSTOL; V STOL; V/STOL | ||
| 740 |
_avertical/or short take-off and landing _hvertical and/or short take-off and landing |
||
| 942 |
_aNUST-CAE _k629.13335 MCC |
||
| 999 |
_c289520 _d289520 |
||